Khảo sát khả năng ức chế enzyme α-amylase và α-glucosidase từ dịch trích cây quả nổ (Ruellia tuberosa L.) : Luận văn tốt nghiệp Cao học. Chuyên ngành Công nghệ Sinh học
Định tính được các hợp chất có khả năng ức chế α-amylase và α-glucosidase trong cao chiết cây quả nổ, xác định hàm lượng flavonoid và đánh giá khả năng ức chế enzyme α-amylase và α-glucosidase của cao chiết cây quả nổ ở mức độ in vitro....
Đã lưu trong:
| Tác giả chính: | |
|---|---|
| Định dạng: | Sách |
| Ngôn ngữ: | Undetermined |
| Được phát hành: |
Cần Thơ
Trường Đại học Cần Thơ
2017
|
| Những chủ đề: | |
| Các nhãn: |
Thêm thẻ
Không có thẻ, Là người đầu tiên thẻ bản ghi này!
|
| Thư viện lưu trữ: | Trung tâm Học liệu Trường Đại học Cần Thơ |
|---|
| LEADER | 01157nam a2200193Ia 4500 | ||
|---|---|---|---|
| 001 | CTU_224239 | ||
| 008 | 210402s9999 xx 000 0 und d | ||
| 082 | |a 615.321 | ||
| 082 | |b Tr121 | ||
| 100 | |a Lý, Tú Trân | ||
| 245 | 0 | |a Khảo sát khả năng ức chế enzyme α-amylase và α-glucosidase từ dịch trích cây quả nổ (Ruellia tuberosa L.) : | |
| 245 | 0 | |b Luận văn tốt nghiệp Cao học. Chuyên ngành Công nghệ Sinh học | |
| 245 | 0 | |c Lý Tú Trân ; Nguyễn Minh Chơn (Cán bộ hướng dẫn) | |
| 260 | |a Cần Thơ | ||
| 260 | |b Trường Đại học Cần Thơ | ||
| 260 | |c 2017 | ||
| 520 | |a Định tính được các hợp chất có khả năng ức chế α-amylase và α-glucosidase trong cao chiết cây quả nổ, xác định hàm lượng flavonoid và đánh giá khả năng ức chế enzyme α-amylase và α-glucosidase của cao chiết cây quả nổ ở mức độ in vitro. | ||
| 650 | |a Cây dược liệu,Medicinal plants | ||
| 980 | |a Trung tâm Học liệu Trường Đại học Cần Thơ | ||